000 00298nam a22001337a 4500
003 SGT
082 _a610.73678
_bH16D
100 _aDAFTARY, SHIRISH N.
245 _aHOLAND & BREWS MANUAL OF OBSTETRICS
250 _a4TH
260 _aINDIA
_bELSEVIER
_c2016
300 _a673
942 _2ddc
_cBK
999 _c15172
_d15172